000 00740nam a2200277Ia 4500
003 OSt
005 20221006153229.0
006 a|||||r|||| 00| 0
007 ta
008 221006b |||||||| |||| 00| 0 kor d
020 _cW 9,800
024 _a31,698
037 _bGift, Korean Embassy
_cTextual
040 _aEASL
_cEASL
_bkor
041 _2kor
_akor
082 _aS:65, 495P5
100 _aLEE Cheong Joon Au.
_9663019
245 0 _aMaum biugi
260 _aSeoul
_bLeegaswo Publishing Korea
_c2005
300 _a169p.
_ccm.
490 _v KL
650 _a KL
650 _aMotivation
_9663020
942 _hS:65, 495P5
_cTEXL
_2CC
999 _c1099784
_d1099784